[Event "Malaysian Masters Men 2013"]
[Site "Kuala Lumpur MAS"]
[Date "2013.06.26"]
[Round "8.5"]
[White "Lim,C"]
[Black "Lim,Z"]
[Result "1/2-1/2"]
[WhiteElo "2349"]
[BlackElo "2171"]

1.d4 Nf6 2.c4 c5 3.d5 e6 4.Nc3 exd5 5.cxd5 d6 6.Nf3 g6 7.Bf4 a6 8.a4 Bg7
9.h3 O-O 10.e3 Re8 11.Nd2 Qc7 12.Nc4 Bf8 13.Qb3 Nbd7 14.a5 Rb8 15.Be2 b5
16.axb6 Nxb6 17.Na5 c4 18.Qd1 Bd7 19.O-O Bg7 20.Bf3 Nc8 21.Nc6 Rxb2 22.Rxa6 Rb3
23.Ne2 Qb7 24.Ra2 Rd3 25.Qc2 Nxd5 26.Qxc4 Bxc6 27.Qxd3 Nb4 28.Qb3 Nxa2 29.Qxb7 Bxb7
30.Bxb7 Bf6 31.Rb1 Ne7 32.Bxd6 Rd8 33.Bc5 Rd2 34.Bf3 Kg7 35.g4 Nc6 36.Bxc6 Rxe2
37.Rb8 Be5 38.Bf8+ Kf6 39.Rb6 Rb2 40.Bb5+ Kg5 41.f4+ Kh4 42.fxe5 Nc3 43.Rf6 Nxb5
44.Rxf7 Kg3 45.e6 Rb1+ 46.Rf1 Rb2  1/2-1/2

[Event "III Marcel Duchamp Boca Jun Op"]
[Site "Buenos Aires ARG"]
[Date "2013.06.28"]
[Round "8.25"]
[White "Strgacich,Aylen"]
[Black "Perez Wertheim,R"]
[Result "1/2-1/2"]
[WhiteElo "1740"]
[BlackElo "2017"]

1.d4 Nf6 2.c4 c5 3.d5 e6 4.Nc3 exd5 5.cxd5 d6 6.Nf3 g6 7.g3 Bg7 8.Bg2 O-O
9.O-O Re8 10.h3 Na6 11.Nd2 Rb8 12.a4 Nc7 13.Nc4 b6 14.e4 Ba6 15.Qb3 Bxc4
16.Qxc4 Nd7 17.f4 a6 18.Rb1 b5 19.axb5 axb5 20.Qd3 c4 21.Qc2 Nc5 22.Na2 Nd3
23.Bd2 Bd4+ 24.Kh2 Nxd5 25.exd5 Re2 26.Nc1 Nxc1 27.Qxc1 Qf6 28.Kh1 Rbe8 29.Bf3 Qf5
30.g4 Qd3 31.Bc3 R8e3 32.Rd1 Rxf3 33.Rxd3 cxd3 34.Bxd4 Rxh3+  1/2-1/2

[Event "22nd Anderssen Mem Eliminacje"]
[Site "Wroclaw POL"]
[Date "2013.06.29"]
[Round "1"]
[White "Stachowiak,K"]
[Black "Grela,K"]
[Result "1-0"]
[WhiteElo "2474"]
[BlackElo "2003"]

1.d4 Nf6 2.Nf3 c5 3.d5 e6 4.c4 exd5 5.cxd5 d6 6.Nc3 g6 7.g3 Bg7 8.Bg2 O-O
9.O-O Re8 10.Nd2 a6 11.a4 Nbd7 12.Nc4 Ne5 13.Na3 b6 14.h3 Ra7 15.f4 Ned7
16.Nc4 Qc7 17.e4 Rb7 18.Re1 b5 19.axb5 axb5 20.Na5 Rb6 21.Nc6 Bb7 22.e5 dxe5
23.d6 Qc8 24.Ne7+ Rxe7 25.dxe7 Bxg2 26.Kxg2 b4 27.Nd5 Qc6 28.Kh2  1-0

[Event "22nd Anderssen Mem Eliminacje"]
[Site "Wroclaw POL"]
[Date "2013.06.29"]
[Round "1"]
[White "Moranda,W"]
[Black "Zmarzly,A"]
[Result "1-0"]
[WhiteElo "2570"]
[BlackElo "2030"]

1.d4 Nf6 2.c4 e6 3.Nf3 c5 4.d5 exd5 5.cxd5 d6 6.Nc3 g6 7.h3 Bg7 8.e4 a6 9.a4 O-O
10.Bd3 Re8 11.O-O Qc7 12.Bf4 Nbd7 13.Nd2 Nh5 14.Bh2 Ne5 15.Be2 c4 16.Bxh5 gxh5
17.Qxh5 Nd3 18.Nf3 Rb8 19.Ra2 b5 20.axb5 axb5 21.Rfa1 Qb6 22.Bg3 Re7 23.Qh4 Rd7
24.Nd1 b4 25.e5 dxe5 26.Qxc4 Nf4 27.Nxe5 Bxe5 28.Bxf4 Bxf4 29.Qxf4 Rxd5 30.Ne3 Rd7
31.Nf5 Rbb7 32.Ra8 Rd8 33.Qg5+  1-0

[Event "22nd Anderssen Mem Eliminacje"]
[Site "Wroclaw POL"]
[Date "2013.06.29"]
[Round "2"]
[White "Grossmann,R"]
[Black "Stachowiak,K"]
[Result "0-1"]
[WhiteElo "2171"]
[BlackElo "2474"]

1.d4 c5 2.d5 e6 3.c4 exd5 4.cxd5 d6 5.Nc3 Nf6 6.Nf3 a6 7.a4 g6 8.Nd2 Bg7
9.e4 O-O 10.Be2 Re8 11.O-O Nbd7 12.f4 Qc7 13.a5 Rb8 14.Kh1 b5 15.axb6 Rxb6
16.Bf3 Rb4 17.Qc2 h5 18.h3 a5 19.Nb3 Ba6 20.Rd1 Bc4 21.Nd2 Ba6 22.Nb3 Bc4
23.Nd2 Nb6 24.Nxc4 Rxc4 25.Qb3 Rb4 26.Qc2 a4 27.Ra2 Rc4 28.Qd3 Rd4 29.Qc2 Qe7
30.Be3 Rxd1+ 31.Qxd1 Nc4 32.Bf2 Rb8 33.Qxa4 Nxb2 34.Qc2 Nc4 35.Nb5 Rxb5 36.Qxc4 Rb4
37.Qd3 Nxe4 38.Bg1 h4 39.f5 Ng3+ 40.Kh2 Nxf5 41.Bf2 Qe5+ 42.Kg1 c4 43.Qa3 Rb1+  0-1

[Event "22nd Anderssen Mem Eliminacje"]
[Site "Wroclaw POL"]
[Date "2013.06.29"]
[Round "2"]
[White "Grabarczyk,M"]
[Black "Zmarzly,A"]
[Result "1-0"]
[WhiteElo "2460"]
[BlackElo "2030"]

1.d4 Nf6 2.c4 e6 3.Nf3 c5 4.d5 exd5 5.cxd5 d6 6.Nc3 g6 7.e4 a6 8.a4 Bg4 9.Be2 Bxf3
10.Bxf3 Bg7 11.O-O O-O 12.Bd2 Re8 13.a5 Nbd7 14.Qc2 Qc7 15.Na4 Rab8 16.b4 c4
17.Rac1 Rbc8 18.h3 b5 19.axb6 Nxb6 20.Nc3 Nfd7 21.Be3 Qb7 22.Rfd1 Qb8 23.Qa2 Qb7
24.Qa5 Rb8 25.b5 axb5 26.Nxb5 Bf8 27.Qa7 Qxa7 28.Nxa7 Ne5 29.Be2 Rb7 30.Nc6 Bg7
31.Rb1 Ned7 32.Bxc4  1-0

[Event "22nd Anderssen Mem Eliminacje"]
[Site "Wroclaw POL"]
[Date "2013.06.29"]
[Round "9"]
[White "Zyla,J"]
[Black "Zmarzly,A"]
[Result "1-0"]
[WhiteElo "2190"]
[BlackElo "2030"]

1.d4 Nf6 2.Nf3 e6 3.c4 c5 4.d5 exd5 5.cxd5 d6 6.Nc3 g6 7.Nd2 Bg7 8.Nc4 O-O
9.Bf4 Ne8 10.e3 a6 11.a4 b6 12.Qb3 Nd7 13.Nxd6 Nxd6 14.Bxd6 Re8 15.Bg3 Bb7
16.Rd1 Rc8 17.Bc4 Qf6 18.O-O Red8 19.e4 h5 20.f4 Re8 21.e5 Qf5 22.h3 Nf8
23.Qxb6 Qd7 24.e6 fxe6 25.dxe6 Qe7 26.Rd7  1-0

[Event "11th Niki Open 2013"]
[Site "Nachod CZE"]
[Date "2013.07.01"]
[Round "3.4"]
[White "Voloshin,L"]
[Black "Machan,J"]
[Result "1-0"]
[WhiteElo "2427"]
[BlackElo "2169"]

1.Nf3 Nf6 2.d4 c5 3.d5 e6 4.c4 exd5 5.cxd5 d6 6.Nc3 Be7 7.e4 O-O 8.Be2 Re8
9.O-O a6 10.a4 Bg4 11.Re1 Bf8 12.Nd2 Bxe2 13.Rxe2 Nbd7 14.a5 b5 15.axb6 Nxb6
16.Nb3 Nc4 17.Qd3 Ne5 18.Qc2 Qc7 19.Na5 Nfd7 20.Nd1 Ng6 21.Ne3 Nf4 22.Re1 Ne5
23.f3 Nfd3 24.Rd1 Nxc1 25.Rdxc1 g6 26.f4 Bh6 27.Rf1 Nd7 28.Nec4 Bg7 29.Kh1 Nb6
30.Nxb6 Qxb6 31.Nc4 Qd8 32.Rae1 Bd4 33.Qa4 Qb8 34.Qc6 Rd8 35.e5 dxe5 36.fxe5 Qb5
37.Qf6 Qxc4 38.Qxf7+ Kh8 39.Qf6+ Kg8 40.Qe6+ Kh8 41.Rf7  1-0

[Event "Karvina Open 2013"]
[Site "Karvina CZE"]
[Date "2013.07.02"]
[Round "4.8"]
[White "Radecki,P"]
[Black "Jaworski,Mi"]
[Result "0-1"]
[WhiteElo "2021"]
[BlackElo "2287"]

1.d4 Nf6 2.c4 c5 3.d5 e6 4.Nc3 exd5 5.cxd5 d6 6.Nf3 g6 7.e4 a6 8.a4 Bg4 9.h3 Bxf3
10.Qxf3 Bg7 11.Bf4 O-O 12.Bd3 Qe7 13.O-O Nbd7 14.Qe2 Rfe8 15.Rae1 Ne5 16.Bb1 b5
17.axb5 axb5 18.Nxb5 Rab8 19.Bc1 Nh5 20.Nc3 Qh4 21.g4 Qxh3 22.f4 Nxg4 23.Rf3 Bd4+  0-1

[Event "41st TCh-GRE"]
[Site "Rio (Achaia) GRE"]
[Date "2013.07.02"]
[Round "1.8"]
[White "Stathopoulos,I"]
[Black "Megalios,K"]
[Result "1-0"]
[WhiteElo "2247"]
[BlackElo "2116"]

1.d4 Nf6 2.c4 e6 3.Nf3 c5 4.d5 d6 5.Nc3 exd5 6.cxd5 g6 7.Qa4+ Bd7 8.Qb3 Na6
9.Bf4 Rb8 10.e4 Nh5 11.Bg5 f6 12.Be3 Be7 13.Be2 O-O 14.e5 fxe5 15.Nxe5 Be8
16.Ng4 Nf4 17.Bf1 b5 18.Ne4 h5 19.Nh6+ Kh7 20.g3 c4 21.Qd1 Nd3+ 22.Bxd3 cxd3
23.Qxd3 Qa5+ 24.Bd2 b4 25.g4 Bb5 26.Qe3 h4 27.Nf5 gxf5 28.Qh6+ Kg8 29.gxf5 Rxf5
30.Rg1+  1-0

[Event "Opatija Open A 2013"]
[Site "Opatija CRO"]
[Date "2013.07.05"]
[Round "7.7"]
[White "Muhsen,A"]
[Black "Vrhovnik,D"]
[Result "1/2-1/2"]
[WhiteElo "2203"]
[BlackElo "2104"]

1.d4 Nf6 2.Nf3 c5 3.d5 e6 4.c4 exd5 5.cxd5 d6 6.Nc3 g6 7.Nd2 a6 8.a4 Nbd7
9.e4 Bg7 10.Qb3 O-O 11.Be2 Qe7 12.Nc4 Ne8 13.O-O Rb8 14.Bf3 Ne5 15.Nxe5 Bxe5
16.a5 g5 17.g3 f5 18.exf5 Bxf5 19.Ne4 h6 20.Nxc5 Bh3 21.Ne6 Rf7 22.Bg2 Bf5
23.f4 gxf4 24.Bxf4 Ng7 25.Bxe5 Nxe6 26.dxe6 Bxe6 27.Bd5 Bxd5 28.Qxd5 dxe5
29.Rae1 Re8 30.Rf5 Qe6 31.Qxe6 Rxe6 32.Rfxe5 Rc6 33.Re7 Rc5 34.b4 Rb5 35.Rxf7 Kxf7
36.Re4 b6 37.axb6 Rxb6 38.Kf2 Rb5 39.Kf3 a5 40.bxa5 Rxa5 41.Kg4 Kg6 42.Re6+ Kg7
43.h4 Ra4+ 44.Kf5 Ra5+ 45.Re5 Ra7 46.Rd5 Rb7 47.h5 Rf7+ 48.Kg4 Kh7 49.Rd6 Rg7+
50.Kf4 Rf7+ 51.Kg4 Rg7+ 52.Kh4 Ra7 53.Rd4 Rb7 54.Kg4 Rg7+ 55.Kf4 Rf7+ 56.Ke5 Kg7
57.Rg4+ Kh7 58.Ke6 Ra7 59.Rd4 Kg7 60.g4 Ra6+ 61.Ke5 Ra5+ 62.Kf4 Ra7 63.Rd6 Kh7
64.Kf5 Rf7+ 65.Ke5 Rg7 66.Rd4 Ra7 67.Re4 Rf7 68.Kd6 Rf6+ 69.Ke7 Kg7 70.Re6 Rf7+
71.Kd6 Rf4 72.Rg6+ Kh7 73.Ke5 Ra4 74.Kf5 Ra5+ 75.Kf4 Ra4+ 76.Kg3 Ra3+ 77.Kh4 Ra4
78.Rb6 Ra7 79.Kg3 Rf7 80.Rg6 Ra7 81.Rf6 Kg7 82.Rf3 Rb7 83.Ra3 Rf7 84.Ra6 Kh7
85.Ra5 Kg7 86.Rf5 Ra7 87.Rf4 Ra3+ 88.Kf2 Rb3 89.Rf3 Rb4 90.Kg3 Ra4 91.Rd3 Ra7
92.Kf4 Ra4+ 93.Kf5 Ra5+ 94.Ke4 Ra4+ 95.Rd4 Ra7 96.Rd5 Ra4+ 97.Kf5 Ra7 98.Rd6 Rf7+
99.Ke5 Re7+ 100.Re6 Ra7 101.Rg6+ Kh7 102.Rc6 Kg7 103.Rd6 Re7+ 104.Kf4 Rf7+
105.Kg3 Kh7 106.g5 hxg5 107.Kg4 Rg7 108.Rf6 Ra7 109.Rf5 Rg7 110.Rb5 Kh6 111.Rb6+ Kh7
112.Rf6 Ra7 113.Kxg5 Ra5+ 114.Rf5 Rxf5+ 115.Kxf5 Kh6 116.Kg4 Kh7 117.Kg5 Kg7
118.h6+ Kh7 119.Kh5 Kh8 120.Kg6 Kg8 121.h7+ Kh8  1/2-1/2

[Event "3rd SPAChess Open"]
[Site "Amsterdam NED"]
[Date "2013.07.06"]
[Round "1.1"]
[White "Sumets,A"]
[Black "Ahlers,B"]
[Result "1-0"]
[WhiteElo "2583"]
[BlackElo "2124"]

1.d4 Nf6 2.c4 c5 3.d5 e6 4.Nc3 exd5 5.cxd5 d6 6.Nf3 a6 7.a4 g6 8.Nd2 Bg7
9.e4 O-O 10.Be2 Re8 11.O-O Nbd7 12.Re1 Ne5 13.f4 Neg4 14.Bf3 Nxe4 15.Ncxe4 Bd4+
16.Kh1 Qh4 17.h3 Bf5 18.Re2 Ne3 19.Qb3 Bxh3 20.gxh3 Qxh3+ 21.Rh2  1-0

[Event "ch-BEL Open 2013"]
[Site "Antwerp BEL"]
[Date "2013.07.07"]
[Round "2.17"]
[White "Van Houtte,R"]
[Black "Schuermans,R"]
[Result "0-1"]
[WhiteElo "1902"]
[BlackElo "2127"]

1.d4 Nf6 2.Nf3 e6 3.c4 c5 4.d5 exd5 5.cxd5 d6 6.Nc3 g6 7.e4 Bg7 8.Be2 O-O
9.O-O Re8 10.Qc2 Na6 11.a3 Bg4 12.Be3 Nc7 13.Rfd1 b5 14.h3 Bxf3 15.Bxf3 Nd7
16.Be2 a6 17.f4 f5 18.Bf3 Bxc3 19.bxc3 fxe4 20.Be2 Nb6 21.Qa2 Qf6 22.Bxc5 dxc5
23.d6+ c4 24.dxc7 Qxf4 25.Rd4 Qxc7 26.Rad1 Rad8 27.Qd2 Qc5 28.Qf4 Rxd4 29.Rxd4 Qe5
30.Qd2 Kg7 31.Rd6 Na4 32.Rxa6 Re7 33.Bxc4 Nxc3 34.Be2 e3 35.Qd3 Nxe2+ 36.Qxe2 Rc7
37.Qe1 e2  0-1

[Event "e2e4 Sunningdale July Open"]
[Site "Ascot ENG"]
[Date "2013.07.07"]
[Round "5"]
[White "Lock,G"]
[Black "Jackson,J"]
[Result "1/2-1/2"]
[WhiteElo "2190"]
[BlackElo "2230"]

1.d4 Nf6 2.Nf3 c5 3.d5 e6 4.c4 exd5 5.cxd5 d6 6.Nc3 g6 7.h3 Bg7 8.e4 O-O
9.Bd3 Re8 10.O-O c4 11.Bxc4 Nxe4 12.Nxe4 Rxe4 13.Bg5 Qf8 14.Bd3 Re8 15.Qd2 Bd7
16.Rac1 Na6 17.Bxa6 bxa6 18.Nd4 Bb5 19.Nxb5 axb5 20.Rc7 h6 21.Be3 Re4 22.Rfc1 a6
23.R1c6 Qe8 24.b3  1/2-1/2

[Event "Styrian Open A 2013"]
[Site "Bad Gleichenberg AUT"]
[Date "2013.07.07"]
[Round "2.4"]
[White "Tratar,M"]
[Black "Wukits,R"]
[Result "1-0"]
[WhiteElo "2495"]
[BlackElo "2269"]

1.d4 Nf6 2.c4 e6 3.Nf3 c5 4.d5 exd5 5.cxd5 d6 6.Nc3 g6 7.Nd2 Nbd7 8.e4 Bg7
9.Be2 O-O 10.O-O Re8 11.a4 Ne5 12.Ra3 g5 13.Re1 Ng6 14.Bb5 Re7 15.Nf1 h6
16.f3 a6 17.Bc4 Nd7 18.Ne3 Nde5 19.Bf1 Nh4 20.Be2 Qe8 21.g3 Nhg6 22.a5 Bd7
23.Na4 g4 24.fxg4 Nxg4 25.Bxg4  1-0

[Event "St. Pauli Open 2013"]
[Site "Hamburg GER"]
[Date "2013.07.07"]
[Round "2.9"]
[White "Nedic,D"]
[Black "Kambor,Joachim"]
[Result "1-0"]
[WhiteElo "2328"]
[BlackElo "2098"]

1.d4 Nf6 2.c4 c5 3.d5 e6 4.Nc3 exd5 5.cxd5 d6 6.Nf3 g6 7.Bf4 a6 8.a4 Bg7
9.e4 O-O 10.Be2 Bg4 11.O-O Re8 12.Qc2 Nh5 13.Bg5 Qc7 14.h3 Bxf3 15.Bxf3 h6
16.Be3 Nf6 17.Rfe1 Nbd7 18.Be2 Re7 19.f4 Nxe4 20.Nxe4 f5 21.Bf3 Rae8 22.Bf2 fxe4
23.Rxe4 Rxe4 24.Bxe4 Bxb2 25.Rb1 Bf6 26.Bxg6 Re7 27.Bf5 Nf8 28.Kh1 Qd8 29.Rb3 Qe8
30.Be6+ Nxe6 31.dxe6 Rxe6 32.Rxb7 Re7 33.Qc4+ Qf7 34.Rb8+ Kg7 35.Qxa6 Be5
36.Qc8 Bf6 37.Bh4 Kg6 38.Qg4+  1-0

[Event "Karvina Open 2013"]
[Site "Karvina CZE"]
[Date "2013.07.07"]
[Round "9.16"]
[White "Maroszczyk,W"]
[Black "Radecki,P"]
[Result "1-0"]
[WhiteElo "1956"]
[BlackElo "2021"]

1.d4 Nf6 2.c4 e6 3.Nc3 c5 4.d5 exd5 5.cxd5 d6 6.Nf3 g6 7.Nd2 a6 8.a4 Nbd7
9.e4 Bg7 10.Be2 O-O 11.O-O Re8 12.Qc2 Ne5 13.f4 Neg4 14.Nf3 Nh5 15.h3 Ngf6
16.e5 dxe5 17.fxe5 Nd7 18.e6 fxe6 19.dxe6 Ne5 20.Nxe5 Qd4+ 21.Rf2 Qxe5 22.Bxh5 Qe1+
23.Kh2 gxh5 24.Qd2 Be5+ 25.g3 Qxd2 26.Bxd2 h4 27.Bf4 hxg3+ 28.Bxg3 Bxg3+
29.Kxg3 Bxe6 30.Ne4 Rec8 31.Rc1 c4 32.Re1 Bf7 33.Nf6+ Kg7 34.Nxh7 Bg6 35.Ng5 c3
36.bxc3 Rxc3+ 37.Kg2 Rac8 38.Re7+ Kh6 39.Nf7+ Bxf7 40.Rexf7 R3c7 41.R7f6+ Kg5
42.R2f5+ Kh4 43.Rh6+  1-0

[Event "3rd SPAChess Open"]
[Site "Amsterdam NED"]
[Date "2013.07.08"]
[Round "3.1"]
[White "Sumets,A"]
[Black "Van der Poel,H"]
[Result "1-0"]
[WhiteElo "2583"]
[BlackElo "2266"]

1.d4 Nf6 2.c4 c5 3.d5 e6 4.Nc3 exd5 5.cxd5 d6 6.Nf3 g6 7.Nd2 Bg7 8.e4 O-O
9.Be2 Re8 10.O-O Nbd7 11.a4 a6 12.Re1 Rb8 13.Ra3 Ne5 14.a5 g5 15.Nf1 g4 16.Ng3 b5
17.axb6 Rxb6 18.Ra2 Qc7 19.Bg5 h6 20.Bh4 Kh7 21.Nf5 Bxf5 22.exf5 Rb4 23.Rxa6 Rd4
24.Qb1 Qb8 25.Bb5 Re7 26.Bf1 Re8 27.Bxf6 Bxf6 28.Ne4 Rxe4 29.Rxe4 Rd8 30.b4 Qb7
31.Qb3 cxb4 32.Rxb4 Qc8 33.Qb1 Qc3 34.Rba4 Qd2 35.Ra8 Rxa8 36.Rxa8 Qxd5 37.Qb8 h5
38.Ra6 Kg7 39.Qxd6 Qxd6 40.Rxd6 Be7 41.Ra6 Bf6 42.Be2 Bg5 43.g3  1-0

[Event "ch-BEL Experten 2013"]
[Site "Antwerp BEL"]
[Date "2013.07.08"]
[Round "3.3"]
[White "Docx,S"]
[Black "Rooze,J"]
[Result "1-0"]
[WhiteElo "2488"]
[BlackElo "2386"]

1.d4 Nf6 2.Nf3 e6 3.c4 c5 4.d5 exd5 5.cxd5 d6 6.Nc3 g6 7.Bf4 a6 8.Nd2 b5
9.a4 b4 10.Nce4 Nh5 11.Bg5 f6 12.Be3 f5 13.g4 Nf6 14.gxf5 Bxf5 15.Bg5 Be7
16.Ng3 Bc8 17.h4 O-O 18.Bh6 Rf7 19.h5 Nxh5 20.Nxh5 gxh5 21.Rxh5 Bg4 22.Rh2 Kh8
23.Qb3 Nd7 24.Qg3 Nf6 25.e4 Qd7 26.f3 Rg8 27.fxg4 Rxg4 28.Qd3 Ng8 29.Be3 Rg3  1-0

[Event "Styrian Open A 2013"]
[Site "Bad Gleichenberg AUT"]
[Date "2013.07.08"]
[Round "3.11"]
[White "Sebenik,M"]
[Black "Wukits,R"]
[Result "0-1"]
[WhiteElo "2511"]
[BlackElo "2269"]

1.d4 Nf6 2.c4 e6 3.Nf3 c5 4.d5 exd5 5.cxd5 d6 6.Nc3 g6 7.Bf4 a6 8.a4 Bg7
9.h3 O-O 10.e3 Qe7 11.Be2 Nbd7 12.O-O Rb8 13.Re1 h6 14.Bh2 Ne8 15.Bf1 Nc7
16.e4 Ne5 17.Nxe5 Bxe5 18.Bxe5 Qxe5 19.Qd2 g5 20.g3 Re8 21.Rad1 Qg7 22.Kh2 b5
23.f4 bxa4 24.e5 dxe5 25.d6 Ne6 26.Rxe5 Bd7 27.Rde1 gxf4 28.gxf4 Kh8 29.R1e2 Nd4
30.Rxe8+ Bxe8 31.Re3 Bc6 32.Qf2 Qf6 33.Ne4 Bxe4 34.Rxe4 Qxd6 35.Re5 Qf6 36.Bc4 Rxb2  0-1

[Event "IsBank TCh-TUR 2013"]
[Site "Denizli TUR"]
[Date "2013.07.08"]
[Round "11.2"]
[White "Can,E"]
[Black "Arutinian,D"]
[Result "1/2-1/2"]
[WhiteElo "2475"]
[BlackElo "2543"]

1.d4 Nf6 2.c4 c5 3.d5 e6 4.Nf3 d6 5.Nc3 exd5 6.cxd5 g6 7.e4 Bg7 8.h3 O-O
9.Bd3 a6 10.a4 Nbd7 11.O-O Re8 12.Re1 Nh5 13.Bg5 Bf6 14.Be3 Ne5 15.Be2 Nxf3+
16.Bxf3 Ng7 17.Qd2 Rb8 18.Rab1 b5 19.axb5 axb5 20.b4 c4 21.Ra1 Be5 22.Bd4 Qf6
23.Bxe5 Qxe5 24.Re3 Bd7 25.Ra7 Red8 26.Ne2 Ra8 27.Rea3 Rxa7 28.Rxa7 Ne8 29.Qd4 Qxd4
30.Nxd4 Nf6 31.Ra6 Be8 32.Kf1 Kf8 33.Ke2 Ke7 34.Ra7+ Kf8 35.Ra6 Ke7 36.Ke3 Bd7
37.Ne2 Rb8 38.Nc3 Ne8 39.Kd4 f6 40.Ra7 Kd8 41.Bg4 f5 42.Bd1 Rb6 43.Ra8+ Bc8
44.f4 Nc7 45.Ra2 fxe4 46.Nxe4 Bb7 47.Nc3 Ra6 48.Rxa6 Bxa6 49.Bg4 Ke7 50.f5 h5
51.f6+ Kxf6 52.Bd7 Ke7 53.Bc6 g5 54.Ne4 Bc8 55.Nxg5 Bf5 56.Nf3 Bd3 57.g3 Kf6
58.h4 Kf5 59.Bd7+ Kf6 60.Ne1 Bf5 61.Bc6 Na6 62.Bxb5 Nxb4 63.Be8 c3 64.Kxc3 Nxd5+
65.Kd4 Nc7 66.Bxh5 d5 67.Ke3 Be4 68.Nf3 Bxf3 69.Bxf3 Ke5 70.Bd1 Ne6 71.Kf3 Nd4+
72.Kg4 Nf5 73.Ba4 Nxg3 74.Kxg3  1/2-1/2

[Event "EY Boys Teams 2013"]
[Site "Maribor SLO"]
[Date "2013.07.08"]
[Round "3"]
[White "Duda,J"]
[Black "Urbanc,P"]
[Result "1-0"]
[WhiteElo "2536"]
[BlackElo "2030"]

1.d4 Nf6 2.c4 c5 3.d5 e6 4.Nc3 exd5 5.cxd5 d6 6.Nf3 g6 7.Bf4 Bg7 8.Qa4+ Bd7
9.Qb3 Qc7 10.h3 O-O 11.e3 Re8 12.Nd2 Na6 13.Be2 Bf8 14.O-O Rab8 15.Rfd1 Nh5
16.Bxh5 gxh5 17.Nce4 Be7 18.Qc3 f5 19.Bh6 Bf8 20.Nf6+ Kf7 21.Nxe8 Rxe8 22.Bxf8 Rxf8
23.e4 Ke8 24.e5 dxe5 25.d6 Qxd6 26.Nc4 Qe7 27.Nd6+ Kd8 28.Qa5+ Nc7 29.Nb5 b6
30.Qxa7  1-0

[Event "Styrian Open A 2013"]
[Site "Bad Gleichenberg AUT"]
[Date "2013.07.11"]
[Round "6.2"]
[White "Jankovic,A"]
[Black "Chatalbashev,B"]
[Result "1/2-1/2"]
[WhiteElo "2559"]
[BlackElo "2560"]

1.d4 Nf6 2.c4 e6 3.Nf3 c5 4.d5 d6 5.Nc3 exd5 6.cxd5 g6 7.Nd2 Bg7 8.Nc4 O-O
9.Bf4 Ne8 10.e3 Nd7 11.a4 Ne5 12.Qd2 f5 13.a5 Bd7 14.Be2 Nxc4 15.Bxc4 Qf6
16.Bg3 Nc7 17.O-O b5 18.axb6 axb6 19.Qd3 Rfb8 20.Rxa8 Rxa8 21.Rb1 Ra5 22.Qd2 g5
23.h3 Ra8 24.f4 b5 25.fxg5 Qg6 26.Bb3 c4 27.Bd1 b4 28.Ne2 f4 29.Bc2 fxe3
30.Qd1 Bf5 31.Bxf5 Qxf5 32.Bxd6 Nxd5 33.Ra1 Rd8 34.Bxb4 Qxg5 35.h4 Qxh4 36.Ra8 Qf2+
37.Kh1 Qh4+ 38.Kg1 Qf2+ 39.Kh1 Qh4+  1/2-1/2

[Event "Commonwealth & RSA Open"]
[Site "Port Elizabeth RSA"]
[Date "2013.07.12"]
[Round "9.6"]
[White "Mabusela,J"]
[Black "Gomes,Mary"]
[Result "1/2-1/2"]
[WhiteElo "2281"]
[BlackElo "2423"]

1.d4 Nf6 2.c4 c5 3.d5 e6 4.Nc3 exd5 5.cxd5 d6 6.Nf3 a6 7.a4 g6 8.Nd2 Nbd7
9.e4 Be7 10.Be2 O-O 11.O-O Re8 12.f4 Kh8 13.Bf3 Rb8 14.Nc4 Nb6 15.Ne3 Nbd7
16.Nc4 Nb6 17.Ne3 Nbd7  1/2-1/2

[Event "120th ch-SCO 2013"]
[Site "Helensburgh SCO"]
[Date "2013.07.13"]
[Round "8.5"]
[White "Farago,I"]
[Black "Hoffman,A"]
[Result "1-0"]
[WhiteElo "2447"]
[BlackElo "2452"]

1.d4 Nf6 2.c4 e6 3.Nf3 c5 4.d5 d6 5.Nc3 exd5 6.cxd5 g6 7.Nd2 Bg7 8.e4 O-O
9.Be2 Na6 10.O-O Re8 11.f3 Nc7 12.a4 b6 13.Nc4 Ba6 14.Bg5 h6 15.Be3 Bxc4
16.Bxc4 a6 17.Qd2 h5 18.Rab1 Qd7 19.b4 b5 20.Be2 c4 21.a5 Re7 22.Bd1 Qe8
23.Bc2 Kh7 24.Bb6 Rc8 25.Bd4 Qh8 26.Rbd1 Nce8 27.f4 Nd7 28.Bxg7 Qxg7 29.e5 dxe5
30.d6 Re6 31.Ne4 Kg8 32.f5 gxf5 33.Rxf5 Rg6 34.Rdf1 c3 35.Qe2 Nxd6 36.Nxd6 Rxd6
37.Qxh5 Nf6 38.Rxf6  1-0

[Event "ch-BEL Open 2013"]
[Site "Antwerp BEL"]
[Date "2013.07.14"]
[Round "9.2"]
[White "Motwani,P"]
[Black "Daels,M"]
[Result "1-0"]
[WhiteElo "2499"]
[BlackElo "2213"]

1.d4 Nf6 2.c4 c5 3.d5 e6 4.Nc3 exd5 5.cxd5 d6 6.Nf3 g6 7.Bf4 Bg7 8.e3 O-O
9.h3 a6 10.a4 Nh5 11.Bh2 Qe7 12.Be2 Nd7 13.Nd2 Ne5 14.O-O Nf6 15.Re1 g5 16.f4 Ng6
17.Nc4 Ne8 18.Bd3 gxf4 19.exf4 Qh4 20.Qf3 f5 21.Re2 Qd8 22.a5 Nc7 23.Nb6 Rb8
24.Qh5 Bd7 25.Rae1 Nb5 26.Nxd7 Qxd7 27.Nxb5 axb5 28.g4 fxg4 29.Re7 Rbe8 30.Rxd7 Rxe1+
31.Kf2 Re5 32.Qxg4 Rf6 33.Bxg6 hxg6 34.Rxb7 Rxd5 35.Qd7  1-0

[Event "II ITT LXSBC 2013"]
[Site "Sao Paulo BRA"]
[Date "2013.07.14"]
[Round "1.3"]
[White "Quintiliano Pinto,R"]
[Black "Rodi,L"]
[Result "0-1"]
[WhiteElo "2308"]
[BlackElo "2363"]

1.d4 Nf6 2.c4 c5 3.d5 e6 4.Nc3 exd5 5.cxd5 d6 6.Nf3 g6 7.g3 Bg7 8.Bg2 O-O
9.O-O a6 10.a4 Nbd7 11.Nd2 Re8 12.h3 Rb8 13.Nc4 Ne5 14.Na3 Nh5 15.e4 Bd7
16.a5 Qxa5 17.g4 Nf6 18.f4 Nexg4 19.hxg4 Bxg4 20.Qe1 b5 21.Nc2 Qb6 22.Qh4 b4
23.Na4 Qa7 24.e5 dxe5 25.fxe5 Rxe5 26.Rxf6 Bxf6 27.Qxf6 c4+ 28.Kh2 Rh5+ 29.Kg3 Qg1
30.Ne3 Bd7 31.Qf1 Rh3+ 32.Kf4 Qh2+ 33.Ke4 Rh4+ 34.Kf3 Rf4+ 35.Ke2 Rxf1 36.Kxf1 Bh3
37.Nc5 Re8 38.Bxh3 Qxh3+ 39.Kf2 Qh2+ 40.Kf3 Qh1+ 41.Kf2 Rxe3 42.Kxe3 Qg1+
43.Ke4 Qxc5 44.Rxa6 Qc8 45.Rc6 Qg4+ 46.Ke5 Kg7 47.Kd6 h5 48.Kc7 h4 49.d6 h3
50.d7 Qxd7+ 51.Kxd7 h2 52.Bg5 h1=Q 53.Bf6+ Kh6 54.Rc5 Qh3+ 55.Kc7 Qd3 56.Rc6 Qf5
57.Bd4 Qf4+ 58.Rd6 f5 59.Kd7 Qe4 60.Bf6 f4 61.Rd4 Qxd4+ 62.Bxd4 f3 63.Kc6 c3
64.bxc3 bxc3 65.Kd5 g5 66.Ke4 c2  0-1

[Event "II ITT LXSBC 2013"]
[Site "Sao Paulo BRA"]
[Date "2013.07.15"]
[Round "3.4"]
[White "Fernandez,Dani"]
[Black "Rodi,L"]
[Result "1/2-1/2"]
[WhiteElo "2398"]
[BlackElo "2363"]

1.d4 Nf6 2.c4 c5 3.d5 e6 4.Nc3 exd5 5.cxd5 d6 6.Nf3 g6 7.g3 Bg7 8.Bg2 O-O
9.O-O a6 10.a4 Nbd7 11.Nd2 Re8 12.h3 Rb8 13.Nc4 Ne5 14.Na3 Nh5 15.e4 Bd7  1/2-1/2

[Event "7th LCT 2013"]
[Site "Leiden NED"]
[Date "2013.07.18"]
[Round "6.32"]
[White "Vreeburg,J"]
[Black "Kouwenhoven,Arjen"]
[Result "0-1"]
[WhiteElo "1922"]
[BlackElo "2004"]

1.d4 Nf6 2.Nf3 e6 3.c4 c5 4.d5 exd5 5.cxd5 d6 6.Nc3 g6 7.e4 Bg7 8.Be2 O-O
9.O-O a6 10.a4 Bg4 11.Nd2 Bxe2 12.Qxe2 Re8 13.f3 Nbd7 14.Nc4 Nb6 15.Bg5 h6
16.Bh4 Nxc4 17.Qxc4 Qb6 18.Rab1 Nd7 19.f4 Qb4 20.Qd3 Qd4+ 21.Qxd4 cxd4 22.Nd1 Rxe4
23.Nf2 Re2 24.Rfc1 Nc5 25.Re1 Rae8 26.Rxe2 Rxe2 27.Kf1 Re3 28.Re1 Rxe1+ 29.Kxe1 Nxa4
30.b3 Nb6 31.Be7 Nc8 32.Bd8 Kf8 33.Ne4 f5 34.Nd2 Ke8 35.Ba5 b5 36.Ke2 Ne7
37.Kd3 Nxd5 38.g3 Kd7 39.Nf3 Ne7 40.Bb6 Nc6 41.Nh4 Nb4+ 42.Kd2 Nd5 43.Ba5 Ne7
44.Kd3 Bf6 45.Nf3 Nc6 46.Bb6 Ke6 47.Bc7 Kd5 48.Nd2 Nb4+ 49.Ke2 d3+ 50.Ke3 Bd4+
51.Kf3 Nc2 52.Nb1 Ne1+  0-1

[Event "Minsk Open 2013"]
[Site "Minsk BLR"]
[Date "2013.07.18"]
[Round "6.16"]
[White "Martirosyan,Haik M."]
[Black "Aliavdin,N"]
[Result "1/2-1/2"]
[WhiteElo "2100"]
[BlackElo "2349"]

1.d4 Nf6 2.c4 c5 3.d5 e6 4.Nc3 exd5 5.cxd5 d6 6.Nf3 g6 7.Bf4 Bg7 8.Qa4+ Bd7
9.Qb3 Qc7 10.h3 O-O 11.e3 Na6 12.Nd2 Rab8 13.Nc4 Ne8 14.a4 Nb4 15.Rd1 Bf5
16.Rd2 a6 17.a5 Qe7 18.Be2 Bd7 19.Nb6 Nf6  1/2-1/2

[Event "Czech Open G1 Rapid 2013"]
[Site "Pardubice CZE"]
[Date "2013.07.18"]
[Round "8.38"]
[White "Ovchinnikov,Vsevolod"]
[Black "Worek,J"]
[Result "0-1"]
[WhiteElo "2027"]
[BlackElo "2332"]

1.d4 Nf6 2.c4 e6 3.Nf3 c5 4.d5 exd5 5.cxd5 d6 6.Nc3 g6 7.e4 Bg7 8.Be2 O-O
9.O-O a6 10.a4 Nh5 11.Qc2 f5 12.Bg5 Qe8 13.Nd2 h6 14.Bxh5 hxg5 15.Be2 Nd7
16.Nc4 Qe7 17.Rfe1 f4 18.Bg4 Ne5 19.Nxe5 Bxe5 20.Bxc8 Raxc8 21.f3 g4 22.fxg4 Qh4
23.Rf1 f3 24.gxf3 Rc7 25.Qg2 Rh7 26.Rf2 Bd4 27.Ne2 Bxf2+ 28.Qxf2 Rxf3 29.Qxf3 Qxh2+
30.Kf1 Rf7 31.Ra3 Qh3+ 32.Kf2 Rxf3+ 33.Rxf3 Qxg4 34.Rf4 Qg5 35.Kf3 Qe5 36.Nc3 Kg7
37.Rg4 Qd4 38.Rg2 Qd3+ 39.Kf2 b5 40.axb5 axb5 41.Rg3 Qc2+ 42.Ne2 Qxe4 43.b3 b4
44.Re3 Qxd5 45.Re7+ Kh6 46.Re3 c4 47.bxc4 Qxc4 48.Rh3+ Kg7 49.Rf3 b3 50.Rf4 Qc5+
51.Kf3 b2 52.Nd4 Qd5+ 53.Re4 Qxe4+ 54.Kxe4 b1=Q+ 55.Kd5 Qd3  0-1

[Event "Czech Open G1 Rapid 2013"]
[Site "Pardubice CZE"]
[Date "2013.07.18"]
[Round "8.53"]
[White "Sirotkina,N"]
[Black "Yakovlev,Egor"]
[Result "1/2-1/2"]
[WhiteElo "2214"]
[BlackElo "1985"]

1.d4 Nf6 2.Nf3 c5 3.d5 e6 4.c4 exd5 5.cxd5 d6 6.Nc3 g6 7.e4 Bg7 8.Bd3 O-O
9.O-O Bg4 10.h3 Bxf3 11.Qxf3 a6 12.a4 Nbd7 13.Bf4 Qe7 14.Qd1 Ne5 15.Bh2 c4
16.Bc2 Rfb8 17.Re1 b5 18.axb5 axb5 19.Rxa8 Rxa8 20.Nxb5 Rb8 21.Nd4 Rxb2 22.f4 Nd3
23.Nc6 Qb7 24.Bxd3 cxd3 25.Qxd3 Qb6+ 26.Qe3 Qxe3+ 27.Rxe3 Rb1+ 28.Kf2 Rb2+
29.Kf3 Nd7 30.Bg3 Nc5 31.Ra3 Nb3 32.Ra8+ Bf8 33.Be1 Nd2+ 34.Bxd2 Rxd2 35.f5 f6
36.Nd8 Bh6 37.Ne6+ Kf7 38.Ra7+ Kg8 39.Rd7 gxf5 40.Rxd6 Rd3+ 41.Ke2 fxe4 42.Nc5 Rd2+
43.Ke1 e3 44.Rxf6 Rxd5 45.Rxh6 Rxc5 46.Re6 Rc1+ 47.Ke2 Rc2+ 48.Kf3 Rf2+ 49.Kg3 Re2
50.Re7 h6 51.Kf3 Rf2+ 52.Kg3 Re2 53.Kf3  1/2-1/2